| 000 -LEADER |
| fixed length control field |
00501nam a2200145 4500 |
| 008 - FIXED-LENGTH DATA ELEMENTS--GENERAL INFORMATION |
| fixed length control field |
191207b ||||| |||| 00| 0 eng d |
| 100 ## - MAIN ENTRY--PERSONAL NAME |
| Personal name |
Greasley, Stephen |
| 245 ## - TITLE STATEMENT |
| Title |
Mutual dependence or state dominance?: Large private suppliers and the British state 2010-15 |
| 260 ## - PUBLICATION, DISTRIBUTION, ETC. (IMPRINT) |
| Name of publisher, distributor, etc |
Public Administration |
| 300 ## - PHYSICAL DESCRIPTION |
| Extent |
97(2), 2019: p.451-466. |
| 650 ## - SUBJECT ADDED ENTRY--TOPICAL TERM |
| Topical term or geographic name as entry element |
Contracting out - United Kingdom |
| 9 (RLIN) |
14364 |
| 773 ## - HOST ITEM ENTRY |
| Main entry heading |
Public Administration |
| 906 ## - LOCAL DATA ELEMENT F, LDF (RLIN) |
| Subject DIP |
Outsourcing - United Kingdom |
| 942 ## - ADDED ENTRY ELEMENTS (KOHA) |
| Source of classification or shelving scheme |
|
| Item type |
Articles |